000 00374nam a2200157Ia 4500
003 OSt
005 20240201102625.0
008 170524s9999 xx 000 0 und d
020 _a978-9325963948
040 _cIIMT UNIVERSITY
100 _aArora, M. N.
245 0 _aCOST ACCOUNTING
260 _aNEW DELHI
_bVikas Publication
_c2011
300 _aVARIOUS
942 _2ddc
_c02
999 _c2533
_d2533